000 00438nam a2200181Ia 4500
001 19733
005 20260306172714.0
008 260306t2002||||xx |||||||||||||| ||spa||
041 _aESP
082 _a340.7
_bR75
100 _aRodríguez Chávez, Iván [1941-...]
_eAUT
245 0 _aIntroducción al derecho
260 _c2002
300 _a208 páginas :
_c24 cm.
650 _aGEN
654 _aCDE
942 _cLIB
_dJUS
_fJUS
_2ddc
_n
999 _c19733
_d19733